000
00274nam a22001097a 4500
082
_a
539.7 BIS'P
100
_a
BISHOP, A.S
_9
56722
245
_a
PROJECT SHERWOOD THE U.S PROGRAM IN CONTROLLED FUSION
260
_a
1958
_b
ADDISON - WESLEY
_c
USA
300
_a
216P
942
_c
BK
999
_c
567082
_d
567082